Metóda diskontovaných peňažných tokov ako nástroj analýzy hodnoty poistenia
Koncept technických rezerv ako podmienka správneho fungovania poistnej spoločnosti. Praktická demonštrácia analýzy hodnoty poistenia so zameraním na solventnosť a kapitálové dotácie. Teoretické dáta. Analýza senzitivity.
Saved in:
| Main Author: | |
|---|---|
| Format: | Book Chapter |
| Language: | Slovak |
| Tags: |
No Tags, Be the first to tag this record!
|
MARC
| LEADER | 00000naa$a2200000$$$4500 | ||
|---|---|---|---|
| 001 | 0180733 | ||
| 005 | 20240502073104.8 | ||
| 041 | 0 | |a slo | |
| 044 | |a SK | ||
| 245 | 1 | 0 | |a Metóda diskontovaných peňažných tokov ako nástroj analýzy hodnoty poistenia |c Alena Kotlárová |
| 520 | |a Koncept technických rezerv ako podmienka správneho fungovania poistnej spoločnosti. Praktická demonštrácia analýzy hodnoty poistenia so zameraním na solventnosť a kapitálové dotácie. Teoretické dáta. Analýza senzitivity. | ||
| 100 | 1 | |a Kotlárová, Alena | |